000 00782cam a2200265 a 4500
001 145751
003 OSt
005 20180921
008 0000001963 dr B 0000000000 00
100 _aArertz, Isabel
245 _aUn cursillo de folklore /
_cUn cursillo de folklore /
260 _a[s. l.] :
_b[s. n.]
300 _a98p.
650 _aFOLKLORE
_aREPUBLICA DOMINICANA
700 _aI. Ramón y Rivera, Luis Felipe
040 _aDLC
_cDLC
942 _2ddc
_cBK
999 _c145751
_d14575100